| 000 | 00744nam a22002055i 4500 | ||
|---|---|---|---|
| 001 | 174963 | ||
| 003 | ES-MaACL | ||
| 005 | 20240228210421.0 | ||
| 008 | 100827s1891 sp |||| | spa d | ||
| 080 | _a946"1833/40" | ||
| 245 | 0 | 0 | _aFacsímile del Acta de Vergara del 18 de agosto de 1873. |
| 260 |
_a[Madrid : _bs.n., _c1891?] |
||
| 300 |
_a[8] p. ; _c32 cm. |
||
| 500 | _aEs un suplemento al mes de marzo de 1891 de la Revista Técnica de Infantería y Caballería. | ||
| 594 | _aTítulo tomado de la cubierta. | ||
| 594 | _aPrecede al tít.: Revista Técnica de Infantería y Caballería. | ||
| 651 | 4 |
_aEspaña- _xHistoria- _y1833-1840, Guerra carlista _98250 |
|
| 852 |
_aES-MaACL _jT-501-F-14 |
||
| 999 |
_c174963 _d174963 |
||